| 000 | 00856cam a2200241 a 4500 | ||
|---|---|---|---|
| 001 | 1197702 | ||
| 005 | 20250121125350.0 | ||
| 008 | 980323s1998 ilua bd 001 0 eng | ||
| 020 | _a0830814515 (cloth : alk. paper) | ||
| 050 | 0 | 0 |
_aBS537 _b.D48 1998 |
| 082 | 0 | 0 |
_a220.3 _221 |
| 245 | 0 | 0 |
_aDictionary of biblical imagery / _cgeneral editors, Leland Ryken, James C. Wilhoit, Tremper Longman III ; consulting editors, Colin Duriez, Douglas Penney, Daniel G. Reid. |
| 260 |
_aDowners Grove, Ill. : _bInterVarsity Press, _cc1998. |
||
| 300 |
_axxi, 1058 p. : _bill. ; _c26 cm. |
||
| 650 | 0 |
_aSymbolism in the Bible _vDictionaries. |
|
| 700 | 1 | _aRyken, Leland. | |
| 700 | 1 | _aWilhoit, Jim. | |
| 700 | 1 |
_aLongman, Tremper, _cIII. |
|
| 700 | 1 | _aDuriez, Colin. | |
| 700 | 1 |
_aPenney, Douglas, _d1956- |
|
| 700 | 1 |
_aReid, Daniel G., _d1949- |
|
| 942 |
_2lcc _cBK _n0 |
||
| 999 |
_c2747 _d2747 |
||